• 首页
  • 本馆介绍
  • 公告通知
  • 最新文献
  • 馆藏检索
  • 电子资源
  • 读者导购
  • 参考咨询
  • 我的图书馆
  • 登录
  • 详细信息显示
  • 放入我的书架
  • 预约/预借图书
  • 作者相关作品
  • 分类相关作品
  • 丛书相关作品
  • 出版社相关作品

书目信息

  • 表格格式
  • 工作单格式
  • 卡片格式
题名:
化学教育测量和评价
    
 
作者: 刘知新 , 王建成 著
分册:  
出版信息: 南宁   广西教育出版社  1996
页数: 206页
开本: 20cm
丛书名: 学科现代教育理论书系
单 册:
中图分类: O6-4 , G40-01
科图分类:
主题词: 化学-教育测验 , 教育测验-化学 , 化学-教育评估 , 教育评估-化学 , 教育学
电子资源:
ISBN: 7-5435-2498-8
000 00923nam2 2200325 45
001 0198014872
005 20040426152328.3
010    @a7-5435-2498-8@dCNY13.00
100    @a19980312d1996 kemy0chiy0121 ea
101 0  @achi
102    @aCN@b450000
105    @ac z 000yy
106    @ar
200 10 @a化学教育测量和评价@Ahua xue jiao yu ce liang he ping jia@f刘知新,王建成著
210    @a南宁@c广西教育出版社@d1996
215    @a206页@c肖像@d20cm
225 2  @a学科现代教育理论书系@i化学
300    @a国家“九五”重点图书出版规划项目
410  0 @120010@a学科现代教育理论书系
606    @a化学-教育测验
606    @a教育测验-化学
606    @a化学-教育评估
606    @a教育评估-化学
606 0  @a教育学
690    @aO6-4@v3
690    @aG40-01
701  0 @a刘知新@Aliu zhi xin@4著
701  0 @a王建成@Awang jian cheng@4著
801  0 @aCN@bNLC@c19980330
905    @f4@b281561-564@dG40-01@e199:6
    
    化学教育测量和评价/刘知新,王建成著.-南宁:广西教育出版社,1996
    206页:肖像;20cm.-(学科现代教育理论书系.化学)
    国家“九五”重点图书出版规划项目
    
    ISBN 7-5435-2498-8:CNY13.00
    
●
相关链接 在E读中查询图书 在五车中查询图书 在当当中查询图书 在豆瓣中查询图书


正题名:化学教育测量和评价     索取号:G40-01/199:6         预约/预借

序号 登录号 条形码 馆藏地/架位号 状态 备注
1 0281561   002815617   密集书库/ [索取号:G40-01/199:6] 在馆    
2 0281562   002815626   密集书库/ [索取号:G40-01/199:6] 在馆    
3 0281563   002815635   第四借阅区/ [索取号:G40-01/199:6] 在馆    
4 0281564   002815644   密集书库/ [索取号:G40-01/199:6] 在馆    
5 0281565   002815653   第一样本阅览室/ [索取号:G40-01/199:6] 在馆    
唐山师范学院图书馆 欢迎您!
大连网信软件有限公司© 版权所有